000 00414nmm a2200145Ia 4500
008 251105s9999||||xx |||||||||||||||||und||
041 _aspa
100 _aAndrés Pueyo, Antoni
245 0 _aLa personalidad
264 _a[Madrid, España] :
_bUniversitat Oberta de Catalunya,
_c2016
300 _a96 páginas
650 _aPsychology
856 _uhttps://public.digitaliapublishing.com/a/43993
942 _cCF
999 _c106250
_d106250